|
|
|
|
| LEADER |
01216nam a2200265 a 4500 |
| 001 |
16503 |
| 003 |
BD-DhAAL |
| 008 |
110529s2006 at 000 0 eng |
| 020 |
|
|
|a 1876907819
|
| 040 |
|
|
|a SzBzSBT
|c MEAA
|d BD-DhAAL
|
| 082 |
0 |
0 |
|a 720.0362
|2 22
|
| 245 |
|
|
|a Tall buildings of Europe, the Middle East and Africa /
|c edited by Georges Binder ; foreword by Norman Foster.
|
| 260 |
|
|
|a Mulgrave, Vic. :
|b Images Publ,
|c 2006.
|
| 300 |
|
|
|a 240 pages :
|b illustrations ;
|c 30 cm
|
| 526 |
|
|
|a ARC
|x Huraera Jabeen
Faculty member of Department of Architecture
|
| 541 |
|
|
|e 16503
|a Premier Books
|
| 650 |
|
0 |
|a Grattacieli
|x architettura
|z Europa
|9 31798
|
| 650 |
|
0 |
|a Grattacieli
|x architettura
|z Medio Oriente
|9 31799
|
| 650 |
|
0 |
|a Grattacieli
|x architettura
|z Africa
|9 31800
|
| 700 |
|
|
|a Binder, Georges
|9 31801
|
| 700 |
|
|
|a Foster, Norman
|9 31802
|
| 852 |
1 |
|
|a Ayesha Abed Library
|c General Stacks
|
| 942 |
|
|
|2 ddc
|c BK
|
| 999 |
|
|
|c 10906
|d 10906
|
| 952 |
|
|
|0 0
|1 0
|2 ddc
|4 0
|6 720_036200000000000_TAL
|7 0
|9 16793
|a BRACUL
|b BRACUL
|c GEN
|d 2011-05-29
|e Premier Books
|g 7100.00
|l 14
|m 61
|o 720.0362 TAL
|p 3010016503
|r 2025-06-22
|s 2025-06-22
|t 1
|w 2011-05-29
|y BK
|x Requisitioned by Huraera Jabeen, Faculty member of Department of Architecture (ARC).
|